Did you see Chip? / (Record no. 8105)
[ view plain ]
| 000 -LEADER | |
|---|---|
| fixed length control field | 00942nam a22003017a 4500 |
| 001 - CONTROL NUMBER | |
| control field | 8105 |
| 003 - CONTROL NUMBER IDENTIFIER | |
| control field | FISKH |
| 005 - DATE AND TIME OF LATEST TRANSACTION | |
| control field | 20250825091344.0 |
| 008 - FIXED-LENGTH DATA ELEMENTS--GENERAL INFORMATION | |
| fixed length control field | 250825b cb ||||| |||| 00| 0 eng d |
| 020 ## - INTERNATIONAL STANDARD BOOK NUMBER | |
| International Standard Book Number | 9780545055802 |
| 040 ## - CATALOGING SOURCE | |
| Original cataloging agency | FISKH |
| Language of cataloging | eng |
| Transcribing agency | FISKH |
| Modifying agency | FISKH |
| 050 ## - LIBRARY OF CONGRESS CALL NUMBER | |
| Classification number | PZ7.Y3655 D |
| 082 ## - DEWEY DECIMAL CLASSIFICATION NUMBER | |
| Classification number | 558 |
| 100 ## - MAIN ENTRY--PERSONAL NAME | |
| Personal name | Yee, Herbert Wong |
| 245 ## - TITLE STATEMENT | |
| Title | Did you see Chip? / |
| Statement of responsibility, etc. | By Wong Herbert Yee ; Illustrated by Laura Ovresat |
| 250 ## - EDITION STATEMENT | |
| Edition statement | This edition first published in 2007 |
| 260 ## - PUBLICATION, DISTRIBUTION, ETC. | |
| Place of publication, distribution, etc. | Orlando : |
| Name of publisher, distributor, etc. | Scholastic, |
| Date of publication, distribution, etc. | 2003 |
| 300 ## - PHYSICAL DESCRIPTION | |
| Extent | 18 unnumbered pages : |
| Other physical details | color illustrations ; |
| Dimensions | 22 cm |
| 504 ## - BIBLIOGRAPHY, ETC. NOTE | |
| Bibliography, etc. note | E<br/> |
| 520 ## - SUMMARY, ETC. | |
| Summary, etc. | After moving to the city, Kim makes some new friends while looking for her lost dog, Chip.<br/> |
| 521 8# - TARGET AUDIENCE NOTE | |
| Target audience note | 160<br/> |
| Source | Lexile<br/> |
| 521 8# - TARGET AUDIENCE NOTE | |
| Target audience note | E<br/> |
| Source | Raz-Plus<br/> |
| 650 ## - SUBJECT ADDED ENTRY--TOPICAL TERM | |
| Source of heading or term | Lost dog |
| Topical term or geographic name entry element | Lost pet |
| 650 ## - SUBJECT ADDED ENTRY--TOPICAL TERM | |
| Source of heading or term | Moving to a new home |
| Topical term or geographic name entry element | Puppy |
| 700 ## - ADDED ENTRY--PERSONAL NAME | |
| Personal name | Ovresat, Laura |
| Dates associated with a name | illustrator |
| 942 ## - ADDED ENTRY ELEMENTS (KOHA) | |
| Source of classification or shelving scheme | Dewey Decimal Classification |
| Koha item type | Books |
| Suppress in OPAC | No |
| Withdrawn status | Lost status | Source of classification or shelving scheme | Damaged status | Not for loan | Collection | Home library | Current library | Shelving location | Date acquired | Total Checkouts | Full call number | Barcode | Date last seen | Copy number | Price effective from | Koha item type |
|---|---|---|---|---|---|---|---|---|---|---|---|---|---|---|---|---|
| Dewey Decimal Classification | Juvenile Fiction | Footprints International School Library Network Toul Tom Poung Campus | Footprints International School Library Network Toul Tom Poung Campus | TTP Primary Green Bookshelves | 08/25/2025 | YEE 558 PZ7.Y3655 D | FISBK072850 | 08/25/2025 | 1 | 08/25/2025 | Books |
